Crecimiento de población y calidad de la vida en Nicaragua: borrador preliminar
Información demográfica, económica y social de Nicaragua hasta 1971, contiene cifras de población: crecimiento, densidad, natalidad, mortalidad. Informa sobre la situación de la salud y sobre el sistema educativo empleo y desempleo, crecimiento de la economía nacional, nutrición y vivienda./ALLV...
Guardado en:
| Hovedforfatter: | |
|---|---|
| Format: | Texto |
| Udgivet: |
Managua:
INCAE
|
| Fag: | |
| Tags: |
Tilføj Tag
Ingen Tags, Vær først til at tagge denne postø!
|
MARC
| LEADER | 00000 a a2200000 04500 | ||
|---|---|---|---|
| 001 | 19720 | ||
| 003 | |||
| 040 | |||
| 090 | |a 079100 | ||
| 100 | |a Korten, David C. | ||
| 245 | |a Crecimiento de población y calidad de la vida en Nicaragua: borrador preliminar | ||
| 260 | |a Managua: |b INCAE | ||
| 300 | |a 16 p. | ||
| 520 | |a Información demográfica, económica y social de Nicaragua hasta 1971, contiene cifras de población: crecimiento, densidad, natalidad, mortalidad. Informa sobre la situación de la salud y sobre el sistema educativo empleo y desempleo, crecimiento de la economía nacional, nutrición y vivienda./ALLV | ||
| 650 | |a ESTADISTICAS ECONOMICAS | ||
| 650 | |a INDICADORES SOCIALES | ||
| 650 | |a SERVICIOS PUBLICOS | ||
| 650 | |a EMPLEO | ||
| 650 | |a VIVIENDA | ||
| 999 | |c 12028 |d 12028 | ||
